Najdrożsi piłkarze Euro 2024 - Statystyki

Ogólne statystyki
  • Ten quiz został rozwiązany 2 483 razy
  • Średni wynik to 8 z 11
Statystyki odpowiedzi
Wartość Narodowość Piłkarz % Poprawnych
180 MLN Francja Kylian Mbappé
99%
180 MLN Anglia Jude Bellingham
90%
100 MLN Anglia Harry Kane
88%
120 MLN Niemcy Jamal Musiala
83%
150 MLN Anglia Phil Foden
80%
140 MLN Anglia Bukayo Saka
74%
130 MLN Niemcy Florian Wirtz
72%
120 MLN Hiszpania Rodri
56%
120 MLN Anglia Declan Rice
50%
100 MLN Francja Eduardo Camavinga
50%
100 MLN Francja Aurélien Tchouaméni
36%
Nie znaleziono quizów pasujących do podanych kryteriów
Rozkład punktacji
Procent ludzi z każdym wynikiem
Percentyl według liczby udzielonych odpowiedzi
Twoja historia wyników
Nie rozwiązałeś tego quizu